A to Z: Infectious Diseases - Statistics

General Stats
  • This quiz has been taken 3,291 times
    2,762 since last reset
  • The average score is 14 of 23
Answer Stats
Letter Hint Answer % Correct
A Immunodeficiency caused by HIV AIDS
98%
B Killed up to 60% of Europe's population in the 14th century Bubonic plague
94%
M Mosquito-borne parasitic disease, originally treated with quinine Malaria
88%
F Colloquial name for the respiratory disease caused by influenza viruses Flu
86%
L Bacterial disease spread by infected ticks Lyme disease
81%
H Inflammation of the liver, caused by viruses named A to E Hepatitis
80%
P Nearly-eradicated viral disease which can cause paralysis Poliomyelitis
80%
C Spread through contaminated water, results in severe diarrhoea and vomiting Cholera
78%
R Viral disease historically known as 'hydrophobia' Rabies
77%
E Viral haemorrhagic disease spread through body fluids Ebola
76%
S Viral disease declared eradicated in 1979 by the WHO Smallpox
72%
D Mosquito-borne tropical disease with a characteristic skin rash Dengue fever
70%
G Relatively common bacterial STI Gonorrhoea
70%
Z Tropical viral disease that can cause microcephaly in newborn babies Zika virus disease
70%
Y Mosquito-borne viral tropical disease which can cause jaundice Yellow fever
69%
T Bacterial disease that causes muscle spasms, sometimes known as 'lockjaw' Tetanus
68%
W Spread by a virus named for an African river West Nile fever
50%
N Virus also known as the 'winter vomiting bug', named after Norwalk, Ohio Norovirus
38%
O Infection of the middle ear, caused by a variety of infectious agents {Otitis} media
26%
I Illness caused by Epstein-Barr virus, also known as glandular fever Infectious {mononucleosis}
19%
K Prion disease endemic to Papua New Guinea Kuru
18%
Q Rare bacterial disease spread by domestic animals Q {fever}
13%
V Fungal disease endemic to the southwestern United States Valley fever
5%
No matching quizzes found
Score Distribution
Percent of People with Each Score
Percentile by Number Answered
Your Score History
You have not taken this quiz since the last reset